00409nam a2200145Ia 4500100002500000942000700025654001200032245001400044260003100058082001500089300000800104546001200112999001700124952012200141 aSmith/R.J/ Dorf R.C  cBK asystems aCircuits  bJohn wileyaNew Yorkc1992 a621.3bPAN a751 aENGLISH c22133d22133 001040708CRCaCRCEbCRCEd2023-03-17eglobal booksg584.60l0o621.3 PANp6723r2023-03-17v584.60w2023-03-17yBK